[Event "Stay Safe Play From Home 361"]
[Site "Emanuel Lasker Arena"]
[Date "2020.08.06"]
[Round "9"]
[White "Edmatuag"]
[Black "Ao017545"]
[Result "0-1"]
[WhiteElo "1678"]
[BlackElo "1536"]
[Annotator "NA RC"]
[PlyCount "64"]
[EventDate "2020.08.06"]
[EventType "swiss (blitz)"]

1. e4 {[%emt 0:00:02]} e5 {[%emt 0:00:00]} 2. Nf3 {[%emt 0:00:02]} Nf6 {[%emt 0:00:00]} 3. Nc3 {[%emt 0:00:01]} Bc5 {[%emt 0:00:01]} 4. Bb5 {[%emt 0:00:03]} c6 {[%emt 0:00:02]} 5. Ba4 {[%emt 0:00:01]} Ng4 {[%emt 0:00:01]} 6. O-O {[%emt 0:00:03]} h5 {[%emt 0:00:02]} 7. Bb3 {[%emt 0:00:01]} O-O {[%emt 0:00:04]} 8. Ne2 {[%emt 0:00:02]} Nf6 {[%emt 0:00:03]} 9. d3 {[%emt 0:00:02]} d6 {[%emt 0:00:00]} 10. Ng3 {[%emt 0:00:02]} Bg4 {[%emt 0:00:01]} 11. h3 {[%emt 0:00:03]} Bxf3 {[%emt 0:00:01]} 12. Qxf3 {[%emt 0:00:00]} Na6 {[%emt 0:00:02]} 13. Nxh5 {[%emt 0:00:02]} Nxh5 {[%emt 0:00:05]} 14. Qxh5 {[%emt 0:00:00]} Nc7 {[%emt 0:00:01]} 15. Bg5 {[%emt 0:00:01]} Qd7 {[%emt 0:00:06]} 16. Qg6 {[%emt 0:00:03]} Ne6 {[%emt 0:00:02]} 17. Bxe6 {[%emt 0:00:04]} fxe6 {[%emt 0:00:06]} 18. Kh1 {[%emt 0:00:02]} Rxf2 {[%emt 0:00:02]} 19. Rxf2 {[%emt 0:00:02]} Bxf2 {[%emt 0:00:00]} 20. Rf1 {[%emt 0:00:01]} Bd4 {[%emt 0:00:02]} 21. c3 {[%emt 0:00:04]} Bb6 {[%emt 0:00:03]} 22. Bf6 {[%emt 0:00:03]} Rf8 {[%emt 0:00:02]} 23. d4 {[%emt 0:00:01]} Qf7 {[%emt 0:00:04]} 24. Kh2 {[%emt 0:00:06]} exd4 {[%emt 0:00:02]} 25. Qxf7+ {[%emt 0:00:03]} Rxf7 {[%emt 0:00:01]} 26. Rf3 {[%emt 0:00:02]} Rxf6 {[%emt 0:00:01]} 27. Rxf6 {[%emt 0:00:01]} gxf6 {[%emt 0:00:00]} 28. cxd4 {[%emt 0:00:01]} Kf7 {[%emt 0:00:00]} 29. b3 {[%emt 0:00:00]} Bxd4 {[%emt 0:00:00]} 30. Kg3 {[%emt 0:00:01]} Be5+ {[%emt 0:00:00]} 31. Kf3 {[%emt 0:00:01]} f5 {[%emt 0:00:00]} 32. g4 {[%emt 0:00:00]} fxe4+ {[%emt 0:00:00] Time Time Time Time Time (Lag: Av=0.87s, max=1.4s) (Lag: Av=0.87s, max=1.4s) (Lag: Av=0.87s, max=1.4s) (Lag: Av=0.87s, max=1.4s) (Lag: Av=0.87s, max=1.4s)} 0-1